1762 1350 1181 1692 1755 1264 1838 1789 1642 1940 1605 1231 1224 1881 1969 1193 1361 1902 1341 1278 1578 1911 1645 1416 1188 1907 1425 1466 1633 1277 1054 1333 1012 1958 1828 1449 1778 1821 1058 1710 1593 1041 1755 1667 1854 1990 1413 1323 1557 1780 1517 1790 1589 1718 1849 1895 1044 1459 1443 1187 1069 1204 1500 1909 1809 1441 1918 1621 1842 1153 1766 1131 1985 1611 1716 1725 1976 1267 1458 1532 1865 1593 1204 1288 1551 1737 1491 1128 1459 1904 1537 1960 1559 1988 1402 1283 1494 1048 1088 BCNSPRNW ULIB Ver.6.0+V

เปลี่ยนเป็นภาษาไทย

Change to English
 แสดงรายละเอียดบรรณานุกรม
  กลับหน้าหลัก

Brief Record : Get Marc (ISO 2709) : E-mail record : QR code < ปิดหน้าต่าง
LEADER : 00000nam 2200000uu 4500
001    13399109378
003     ULIB
008    110331s2552||||th 000 0 tha d
020    9786115070060(ล.1)
060 04 QV766^bภ492ค 2552 ล.1
100 0  ภาสกิจ (วิทวัส) วัณนาวิบูล
245 10 คู่มือสมุนไพรจีนกับการรักษาทางคลินิก /^cโดย ภาสกิจ(วิทวัส) วัณนาวิบูล
260    กรุงเทพฯ :^bหมอชาวบ้าน,^c2552
300    215 หน้า :^bภาพประกอบ ;^c21 ซม.
650  7 การรักษาด้วยสมุนไพร
650  7 สมุนไพร^zจีน
650  7 ยาสมุนไพร
945    ^p180^l0^i18125
995    เกษร
999    ^aใช้งานได้ทุกระบบ
รายการนี้ยังไม่มีแท็ก
คุณยังไม่ได้ล็อกอิน คุณสามารถมีกิจกรรมร่วมกับเว็บไซต์ได้ แต่ต้องล็อกอินก่อน ::
  ล็อกอิน

รายการสื่อสารสนเทศ

ลำดับที่ ประเภท เลขเรียก/บาร์โค้ด สถานที่ สถานะ
- ไม่พบข้อมูล -

รายการใกล้เคียง
    ผู้แต่ง [ภาสกิจ (วิทวัส) วัณนาวิบูล]

    หัวเรื่อง [การรักษาด้วยสมุนไพร]
    หัวเรื่อง [ยาสมุนไพร]

BibComment


ยังไม่เคยถูกคอมเมนท์

คอมเมนท์ทรัพยากรรายการนี้
  คอมเมนท์: คู่มือสมุนไพรจีนก..


 Copyright 2026. Bcnsprnw @Library